00966nam a22001817a 450000500170000000800410001704000090005808200200006710000180008724500680010526000350017330000240020852004730023265000190070565000180072465000220074270000200076420220602115350.0220602b ||||| |||| 00| 0 eng d cAloy 223a303.4bILLC aIvan D Illich aCelebration of awareness:bA call for instiktutional revolution aAustraliabPenguin Booksc1974 a156p.bPBc18x11cm. aAs a formidable critic of some of society's most cherished institutions, such as compulsory education and organised religion, Ivan Illich has attracted world attention. His commitment to a radical humanism against conventional institutions and esatablished ideas of social virtue make for compelling, and convincing, reading. This book brings together for the first time many of his lectures and articles bearing out Illich's invigorating challanges to the status quo. aSocial Process aSocial Change aSocial Conditions aILLICH (Ivan D)